Bede's ecclesiastical history of England : a revised translation with introduction, life, and notes /

Bibliographic Details
Main Author: Bede, the Venerable, Saint, 673-735
Other Authors: Sellar, A. M.
Format: Book
Language:English
Published: London : G. Bell, 1907.
Subjects:

MARC

Tag First Indicator Second Indicator Subfields
LEADER 00000cam a2200000 a 4500
001 in00003435921
005 20151206103039.0
008 810702s1907 enkbf 00110 eng d
035 |a (OCoLC)ocm07549550 
040 |a TYC  |c TYC  |d TNY  |d UtOrBLW 
090 |a BR746  |b .B434 
100 0 |a Bede,  |c the Venerable, Saint,  |d 673-735. 
240 1 0 |a Historia ecclesiastica gentis Anglorum.  |l English 
245 1 0 |a Bede's ecclesiastical history of England :  |b a revised translation with introduction, life, and notes /  |c by A.M. Sellar. 
264 1 |a London :  |b G. Bell,  |c 1907. 
300 |a xliii, 439 pages, 1 unnumbered folded leaf of plates :  |b map ;  |c 20 cm. 
336 |a text  |b txt  |2 rdacontent 
337 |a unmediated  |b n  |2 rdamedia 
338 |a volume  |b nc  |2 rdacarrier 
500 |a Includes index. 
651 0 |a Great Britain  |x Church history  |y 449-1066. 
700 1 |a Sellar, A. M. 
999 |a MARS 
999 f f |s 47750e7a-f91d-3869-884d-de762471f4aa  |i e91e1d4a-4d8e-387c-979c-180afdc6ccc6  |t 0 
952 f f |p ric  |a Texas A&M University  |b Rellis Campus  |c Joint Library Facility  |d Remote Storage  |t 0  |e BR746 .B434  |h Library of Congress classification  |i unmediated -- volume  |m 32060001139290 
998 f f |a BR746 .B434  |t 0  |l Remote Storage